<?xml version="1.0" encoding="UTF-8"?>
<collection xmlns="http://www.loc.gov/MARC21/slim">
 <record>
  <leader>08844cam a2201057 c 4500</leader>
  <controlfield tag="001">845418416</controlfield>
  <controlfield tag="003">DE-627</controlfield>
  <controlfield tag="005">20260115142157.0</controlfield>
  <controlfield tag="007">tu</controlfield>
  <controlfield tag="008">160107s2016    gw |||||      00| ||ger c</controlfield>
  <datafield tag="015" ind1=" " ind2=" ">
   <subfield code="a">16,N01</subfield>
   <subfield code="2">dnb</subfield>
  </datafield>
  <datafield tag="016" ind1="7" ind2=" ">
   <subfield code="a">108019598X</subfield>
   <subfield code="2">DE-101</subfield>
  </datafield>
  <datafield tag="020" ind1=" " ind2=" ">
   <subfield code="a">9783829607544</subfield>
   <subfield code="c">Gb. : EUR 59.70 (AT), sfr 66.70 (freier Pr.), EUR 58.00 (DE)</subfield>
   <subfield code="9">978-3-8296-0754-4</subfield>
  </datafield>
  <datafield tag="020" ind1=" " ind2=" ">
   <subfield code="a">3829607547</subfield>
   <subfield code="c"> : Gb. : EUR 59.70 (AT)</subfield>
   <subfield code="9">3-8296-0754-7</subfield>
  </datafield>
  <datafield tag="024" ind1="3" ind2=" ">
   <subfield code="a">9783829607544</subfield>
  </datafield>
  <datafield tag="035" ind1=" " ind2=" ">
   <subfield code="a">(DE-627)845418416</subfield>
  </datafield>
  <datafield tag="035" ind1=" " ind2=" ">
   <subfield code="a">(DE-576)454390882</subfield>
  </datafield>
  <datafield tag="035" ind1=" " ind2=" ">
   <subfield code="a">(DE-599)DNB108019598X</subfield>
  </datafield>
  <datafield tag="035" ind1=" " ind2=" ">
   <subfield code="a">(OCoLC)934152288</subfield>
  </datafield>
  <datafield tag="035" ind1=" " ind2=" ">
   <subfield code="a">(OCoLC)967288014</subfield>
  </datafield>
  <datafield tag="040" ind1=" " ind2=" ">
   <subfield code="a">DE-627</subfield>
   <subfield code="b">ger</subfield>
   <subfield code="c">DE-627</subfield>
   <subfield code="e">rda</subfield>
  </datafield>
  <datafield tag="041" ind1=" " ind2=" ">
   <subfield code="a">ger</subfield>
  </datafield>
  <datafield tag="044" ind1=" " ind2=" ">
   <subfield code="c">XA-DE-BY</subfield>
  </datafield>
  <datafield tag="050" ind1=" " ind2="0">
   <subfield code="a">N6888.B463</subfield>
  </datafield>
  <datafield tag="082" ind1="0" ind2=" ">
   <subfield code="a">709.2</subfield>
   <subfield code="q">DE-101</subfield>
   <subfield code="2">22/ger</subfield>
  </datafield>
  <datafield tag="082" ind1="0" ind2="4">
   <subfield code="a">700</subfield>
   <subfield code="q">DE-101</subfield>
  </datafield>
  <datafield tag="082" ind1="0" ind2="4">
   <subfield code="a">770</subfield>
  </datafield>
  <datafield tag="084" ind1=" " ind2=" ">
   <subfield code="a">9,11</subfield>
   <subfield code="2">ssgn</subfield>
  </datafield>
  <datafield tag="084" ind1=" " ind2=" ">
   <subfield code="a">CG 5913</subfield>
   <subfield code="2">rvk</subfield>
   <subfield code="0">(DE-625)rvk/18252:11612</subfield>
  </datafield>
  <datafield tag="084" ind1=" " ind2=" ">
   <subfield code="a">LI 16275</subfield>
   <subfield code="2">rvk</subfield>
   <subfield code="0">(DE-625)rvk/95592:</subfield>
  </datafield>
  <datafield tag="084" ind1=" " ind2=" ">
   <subfield code="a">20.31</subfield>
   <subfield code="2">bkl</subfield>
  </datafield>
  <datafield tag="084" ind1=" " ind2=" ">
   <subfield code="a">08.24</subfield>
   <subfield code="2">bkl</subfield>
  </datafield>
  <datafield tag="084" ind1=" " ind2=" ">
   <subfield code="a">21.99</subfield>
   <subfield code="2">bkl</subfield>
  </datafield>
  <datafield tag="100" ind1="1" ind2=" ">
   <subfield code="a">Voigt, Kirsten Claudia</subfield>
   <subfield code="d">1964-</subfield>
   <subfield code="e">VerfasserIn</subfield>
   <subfield code="0">(DE-588)122151127</subfield>
   <subfield code="0">(DE-627)08176670X</subfield>
   <subfield code="0">(DE-576)167928988</subfield>
   <subfield code="4">aut</subfield>
  </datafield>
  <datafield tag="245" ind1="1" ind2="0">
   <subfield code="a">Joseph Beuys liest Friedrich Nietzsche - Das autopoietische Subjekt</subfield>
   <subfield code="b">von der Artistenmetaphysik zur Freiheitswissenschaft</subfield>
   <subfield code="c">Kirsten Claudia Voigt</subfield>
  </datafield>
  <datafield tag="264" ind1=" " ind2="1">
   <subfield code="a">München</subfield>
   <subfield code="b">Schirmer/Mosel</subfield>
   <subfield code="c">2016</subfield>
  </datafield>
  <datafield tag="264" ind1=" " ind2="4">
   <subfield code="c">© 2016</subfield>
  </datafield>
  <datafield tag="300" ind1=" " ind2=" ">
   <subfield code="a">299 Seiten</subfield>
   <subfield code="b">Illustrationen</subfield>
   <subfield code="c">24 cm</subfield>
  </datafield>
  <datafield tag="336" ind1=" " ind2=" ">
   <subfield code="a">Text</subfield>
   <subfield code="b">txt</subfield>
   <subfield code="2">rdacontent</subfield>
  </datafield>
  <datafield tag="337" ind1=" " ind2=" ">
   <subfield code="a">ohne Hilfsmittel zu benutzen</subfield>
   <subfield code="b">n</subfield>
   <subfield code="2">rdamedia</subfield>
  </datafield>
  <datafield tag="338" ind1=" " ind2=" ">
   <subfield code="a">Band</subfield>
   <subfield code="b">nc</subfield>
   <subfield code="2">rdacarrier</subfield>
  </datafield>
  <datafield tag="500" ind1=" " ind2=" ">
   <subfield code="a">Literaturverzeichnis: Seite 275-299</subfield>
  </datafield>
  <datafield tag="500" ind1=" " ind2=" ">
   <subfield code="a">Personen- und Sachregister: Seite 269-273</subfield>
  </datafield>
  <datafield tag="505" ind1="8" ind2=" ">
   <subfield code="a">Einleitung : Joseph Beuys liest Friedrich Nietzsche -- Gesicherte Quellen -- Weitere Spuren -- Zeichnungen, Zitate, Wortspiele, Notizen -- Äusserungen zu Nietzsche in Wort und Bild -- Nomaden und Revolutionäre : auf Nietzsches Wegen -- Forschungsstand -- Der Fall Wagner : ein Musikanten-Problem -- Vorbemerkung -- &quot;Decadence&quot; und das Programm der Überwindung -- &quot;Das Wort wird souverän&quot; : Words which can hear -- Das Unheil alter Verträge : vom Speer zum &quot;warmen Spazierstock&quot; -- Utopie oder Nihilismus : Brunhilde in der Küche, Parsifal auf dem Zarathustra-Weg -- Ein Krankheitsbild der Moderne und die therapeutische Figur -- Theater, Lüge, Verführung -- Ideen-Kunst : Idealismus und Materialismus -- Ästhetik : Schönheit als Hirngespinst -- Nietzsche contra Wagner : Aktenstücke eines Psychologen -- Politisch, antideutsch -- Der Psychologe nimmt das Wort -- Schwanengesang -- Dionysos und Apoll : Überfülle oder Verarmung -- Beuys' Äusserungen zu Richard Wagner, Parsifal und der Ring des Nibelungen -- Exkurs : zeige deine Wunde : der Wanderer in der Sägemühle -- Gral und &quot;tabula rasa&quot; -- Götzen-Dämmerung oder Wie man mit dem Hammer philosophiert -- &quot;Mit dem Hammer Fragen stellen&quot; -- Die grosse Vernunft des Leibes : Performanz bei Nietzsche und Beuys -- &quot;Ergangene Gedanken&quot; : Ich denke sowieso mit dem Knie -- Der Leitfaden des Leibes : Leib- und Lebensphilosophie -- Das &quot;ungeheure Gebälk und Bretterwerk der Begriffe&quot; : Intuitions-Kiste -- Zur Welt kommen : der Schaffendste als der Leidendste : Infiltration homogen für Konzertflügel, der grösste Komponist der Gegenwart ist das Contergankind -- &quot;Einen Erdenkopf, der der Erde Sinn schafft&quot; : Erdtelephon -- Das Problem des Sokrates -- Vernunft, Schein, Sein -- Perspektivismus und Polysemie : the truth -- Die Fabel von der wahren Welt : Ergreifen des Weltbestandes -- Der Willensbegriff : vom Willen zur Form -- Moral und Züchtung -- Bildung und Wissenschaft -- Die Psychologie des Künstlers -- Verbrecher : &quot;Im Stil Prado&quot; : Dillinger -- Wahlverwandtschaften : Goethe : Nietzsche : Beuys : Prometheus -- &quot;Was ich den Alten verdanke&quot; -- Der Anti-Christ : &quot;Gott ist tot&quot; : die &quot;Inkarnation des Menschen in die Erde&quot; -- Ecce Homo : Wie man wird, was man ist : Auto-Fiktion und das Paradigma der Selbst-Genealogisierung -- Die Gedichte -- Vögel und Gebirge -- das &quot;Pathos der Distanz&quot; -- &quot;Flamme bin ich sicherlich&quot; -- Also sprach Zarathustra -- Sonne, Herz und Energie : SåFG SåUG -- Das Lachen -- Tanzender Stern : &quot;Nur aus dem Chaos kann etwas kommen&quot; -- &quot;er sagt in einem Atem ja und nein&quot; : Ja Ja Ja Ja Ja, Nee Nee Nee Nee Nee -- Flug ins Tal (Adler) und zurück -- &quot;Sei eine Platte von Gold&quot; : Palazzo Regale -- &quot;Nicht auf einer Leiter stieg ich zu meiner Höhe&quot; : Scala libera, Scala Napoletana -- Das autopoietische Subjekt -- Anhang -- Dank -- Personen- und Sachregister -- Literaturverzeichnis.</subfield>
  </datafield>
  <datafield tag="520" ind1=" " ind2=" ">
   <subfield code="a">&quot;Dieses Buch handelt von der folgenreichen Begegnung des bedeutendsten deutschen Künstelns des 20. Jahrhunderts. Joseph Beuys hat Friedrich Nietzsche intensiv studiert und zentrale, revolutionäre Gedanken dieses bis heute zukunftsweisenden Denkers und Vaters der Performativität in seinem künstlerischen Schaffen konkretisiert. Richard Rorty nannte Friedrich Nietzsche 'den Propheten einer kreativen Selbstbestimmung' – eine Formulierung, die auf keinen Künstler mehr zutrifft als auf Joseph Beuys.&quot; (Rückseite des Umschlags)</subfield>
  </datafield>
  <datafield tag="600" ind1="1" ind2="0">
   <subfield code="a">Beuys, Joseph</subfield>
  </datafield>
  <datafield tag="600" ind1="1" ind2="0">
   <subfield code="a">Nietzsche, Friedrich Wilhelm</subfield>
   <subfield code="d">1844-1900</subfield>
  </datafield>
  <datafield tag="650" ind1=" " ind2="0">
   <subfield code="a">Art and philosophy</subfield>
  </datafield>
  <datafield tag="689" ind1="0" ind2="0">
   <subfield code="d">p</subfield>
   <subfield code="0">(DE-588)118587943</subfield>
   <subfield code="0">(DE-627)133733971</subfield>
   <subfield code="0">(DE-576)209049553</subfield>
   <subfield code="a">Nietzsche, Friedrich</subfield>
   <subfield code="d">1844-1900</subfield>
   <subfield code="2">gnd</subfield>
  </datafield>
  <datafield tag="689" ind1="0" ind2="1">
   <subfield code="d">s</subfield>
   <subfield code="0">(DE-588)4049716-1</subfield>
   <subfield code="0">(DE-627)104675152</subfield>
   <subfield code="0">(DE-576)209083182</subfield>
   <subfield code="a">Rezeption</subfield>
   <subfield code="2">gnd</subfield>
  </datafield>
  <datafield tag="689" ind1="0" ind2="2">
   <subfield code="d">p</subfield>
   <subfield code="0">(DE-588)118510460</subfield>
   <subfield code="0">(DE-627)211558966</subfield>
   <subfield code="0">(DE-576)160281016</subfield>
   <subfield code="a">Beuys, Joseph</subfield>
   <subfield code="d">1921-1986</subfield>
   <subfield code="2">gnd</subfield>
  </datafield>
  <datafield tag="689" ind1="0" ind2=" ">
   <subfield code="5">DE-101</subfield>
  </datafield>
  <datafield tag="689" ind1="1" ind2="0">
   <subfield code="d">p</subfield>
   <subfield code="0">(DE-588)118587943</subfield>
   <subfield code="0">(DE-627)133733971</subfield>
   <subfield code="0">(DE-576)209049553</subfield>
   <subfield code="a">Nietzsche, Friedrich</subfield>
   <subfield code="d">1844-1900</subfield>
   <subfield code="2">gnd</subfield>
  </datafield>
  <datafield tag="689" ind1="1" ind2="1">
   <subfield code="d">s</subfield>
   <subfield code="0">(DE-588)4049716-1</subfield>
   <subfield code="0">(DE-627)104675152</subfield>
   <subfield code="0">(DE-576)209083182</subfield>
   <subfield code="a">Rezeption</subfield>
   <subfield code="2">gnd</subfield>
  </datafield>
  <datafield tag="689" ind1="1" ind2="2">
   <subfield code="d">p</subfield>
   <subfield code="0">(DE-588)118510460</subfield>
   <subfield code="0">(DE-627)211558966</subfield>
   <subfield code="0">(DE-576)160281016</subfield>
   <subfield code="a">Beuys, Joseph</subfield>
   <subfield code="d">1921-1986</subfield>
   <subfield code="2">gnd</subfield>
  </datafield>
  <datafield tag="689" ind1="1" ind2=" ">
   <subfield code="5">(DE-627)</subfield>
  </datafield>
  <datafield tag="689" ind1="2" ind2="0">
   <subfield code="d">p</subfield>
   <subfield code="0">(DE-588)118510460</subfield>
   <subfield code="0">(DE-627)211558966</subfield>
   <subfield code="0">(DE-576)160281016</subfield>
   <subfield code="a">Beuys, Joseph</subfield>
   <subfield code="d">1921-1986</subfield>
   <subfield code="2">gnd</subfield>
  </datafield>
  <datafield tag="689" ind1="2" ind2="1">
   <subfield code="d">s</subfield>
   <subfield code="0">(DE-588)4114333-4</subfield>
   <subfield code="0">(DE-627)105822957</subfield>
   <subfield code="0">(DE-576)209483733</subfield>
   <subfield code="a">Kunst</subfield>
   <subfield code="2">gnd</subfield>
  </datafield>
  <datafield tag="689" ind1="2" ind2="2">
   <subfield code="d">s</subfield>
   <subfield code="0">(DE-588)4000626-8</subfield>
   <subfield code="0">(DE-627)106400541</subfield>
   <subfield code="0">(DE-576)208838821</subfield>
   <subfield code="a">Ästhetik</subfield>
   <subfield code="2">gnd</subfield>
  </datafield>
  <datafield tag="689" ind1="2" ind2="3">
   <subfield code="d">p</subfield>
   <subfield code="0">(DE-588)118587943</subfield>
   <subfield code="0">(DE-627)133733971</subfield>
   <subfield code="0">(DE-576)209049553</subfield>
   <subfield code="a">Nietzsche, Friedrich</subfield>
   <subfield code="d">1844-1900</subfield>
   <subfield code="2">gnd</subfield>
  </datafield>
  <datafield tag="689" ind1="2" ind2="4">
   <subfield code="d">s</subfield>
   <subfield code="0">(DE-588)4045791-6</subfield>
   <subfield code="0">(DE-627)106200259</subfield>
   <subfield code="0">(DE-576)209066873</subfield>
   <subfield code="a">Philosophie</subfield>
   <subfield code="2">gnd</subfield>
  </datafield>
  <datafield tag="689" ind1="2" ind2="5">
   <subfield code="d">s</subfield>
   <subfield code="0">(DE-588)4049716-1</subfield>
   <subfield code="0">(DE-627)104675152</subfield>
   <subfield code="0">(DE-576)209083182</subfield>
   <subfield code="a">Rezeption</subfield>
   <subfield code="2">gnd</subfield>
  </datafield>
  <datafield tag="689" ind1="2" ind2=" ">
   <subfield code="5">(DE-627)</subfield>
  </datafield>
  <datafield tag="700" ind1="1" ind2=" ">
   <subfield code="a">Beuys, Joseph</subfield>
   <subfield code="d">1921-1986</subfield>
   <subfield code="e">Behandelte Person</subfield>
   <subfield code="0">(DE-588)118510460</subfield>
   <subfield code="0">(DE-627)211558966</subfield>
   <subfield code="0">(DE-576)160281016</subfield>
   <subfield code="4">oth</subfield>
  </datafield>
  <datafield tag="700" ind1="1" ind2=" ">
   <subfield code="a">Nietzsche, Friedrich</subfield>
   <subfield code="d">1844-1900</subfield>
   <subfield code="e">Behandelte Person</subfield>
   <subfield code="0">(DE-588)118587943</subfield>
   <subfield code="0">(DE-627)133733971</subfield>
   <subfield code="0">(DE-576)209049553</subfield>
   <subfield code="4">oth</subfield>
  </datafield>
  <datafield tag="710" ind1="2" ind2=" ">
   <subfield code="a">Schirmer/Mosel Verlag</subfield>
   <subfield code="e">Verlag</subfield>
   <subfield code="0">(DE-588)2102360-8</subfield>
   <subfield code="0">(DE-627)100956742</subfield>
   <subfield code="0">(DE-576)193133008</subfield>
   <subfield code="4">pbl</subfield>
  </datafield>
  <datafield tag="787" ind1="0" ind2="8">
   <subfield code="i">Rezensiert in</subfield>
   <subfield code="a">Graevenitz, Antje von, 1940 - </subfield>
   <subfield code="t">[Rezension von: Kirsten Claudia Voigt, Joseph Beuys liest Friedrich Nietzsche. Das autopoietische Subjekt. Von der Artistenmetaphysik zur Freiheitswissenschaft]</subfield>
   <subfield code="d">2017</subfield>
   <subfield code="w">(DE-627)178993298X</subfield>
  </datafield>
  <datafield tag="856" ind1="4" ind2="2">
   <subfield code="u">http://d-nb.info/108019598X/04</subfield>
   <subfield code="m">B:DE-101</subfield>
   <subfield code="q">pdf/application</subfield>
   <subfield code="v">20170727003401</subfield>
   <subfield code="x">Verlag</subfield>
   <subfield code="3">Inhaltsverzeichnis</subfield>
   <subfield code="7">1</subfield>
  </datafield>
  <datafield tag="856" ind1="4" ind2="2">
   <subfield code="u">https://swbplus.bsz-bw.de/bsz454390882rez.htm</subfield>
   <subfield code="m">B:DE-576;DE-16</subfield>
   <subfield code="q">application/pdf</subfield>
   <subfield code="v">20170123133657</subfield>
   <subfield code="x">Verlag</subfield>
   <subfield code="3">Rezension</subfield>
   <subfield code="7">1</subfield>
  </datafield>
  <datafield tag="856" ind1="4" ind2="2">
   <subfield code="u">http://www.sehepunkte.de/2017/01/29760.html</subfield>
   <subfield code="m">V:DE-576;X:Sehepunkte</subfield>
   <subfield code="q">text/html</subfield>
   <subfield code="v">20180419154142</subfield>
   <subfield code="3">Rezension</subfield>
   <subfield code="7">1</subfield>
  </datafield>
  <datafield tag="935" ind1=" " ind2=" ">
   <subfield code="i">Blocktest</subfield>
  </datafield>
  <datafield tag="936" ind1="r" ind2="v">
   <subfield code="a">CG 5913</subfield>
   <subfield code="b">Personal-&quot;ismus&quot;, Schulbildung, Nachwirkung</subfield>
   <subfield code="k">Philosophie</subfield>
   <subfield code="k">Geschichte der Philosophie</subfield>
   <subfield code="k">Geschichte der Philosophie des Abendlandes von Antike bis 20. Jahrhundert</subfield>
   <subfield code="k">Philosophie des 19. Jahrhunderts</subfield>
   <subfield code="k">Deutschland und deutschsprachige Gebiete</subfield>
   <subfield code="k">Autoren</subfield>
   <subfield code="k">Autoren N</subfield>
   <subfield code="k">Nietzsche, Friedrich Wilhelm</subfield>
   <subfield code="k">Personal-&quot;ismus&quot;, Schulbildung, Nachwirkung</subfield>
   <subfield code="0">(DE-627)1271631547</subfield>
   <subfield code="0">(DE-625)rvk/18252:11612</subfield>
   <subfield code="0">(DE-576)201631547</subfield>
  </datafield>
  <datafield tag="936" ind1="r" ind2="v">
   <subfield code="a">LI 16275</subfield>
   <subfield code="b">Beuys, Joseph</subfield>
   <subfield code="k">Kunstgeschichte</subfield>
   <subfield code="k">Künstler-Monografien</subfield>
   <subfield code="k">Alphabetische Künstlerliste</subfield>
   <subfield code="k">Künstler B</subfield>
   <subfield code="k">Beuys, Joseph</subfield>
   <subfield code="0">(DE-627)1270636065</subfield>
   <subfield code="0">(DE-625)rvk/95592:</subfield>
   <subfield code="0">(DE-576)200636065</subfield>
  </datafield>
  <datafield tag="936" ind1="b" ind2="k">
   <subfield code="a">20.31</subfield>
   <subfield code="j">Bildende Künstler</subfield>
   <subfield code="0">(DE-627)181571080</subfield>
  </datafield>
  <datafield tag="936" ind1="b" ind2="k">
   <subfield code="a">08.24</subfield>
   <subfield code="j">Neue westliche Philosophie</subfield>
   <subfield code="0">(DE-627)106402641</subfield>
  </datafield>
  <datafield tag="936" ind1="b" ind2="k">
   <subfield code="a">21.99</subfield>
   <subfield code="j">Sonstige Kunstformen</subfield>
   <subfield code="q">DA-3</subfield>
   <subfield code="0">(DE-627)106405659</subfield>
  </datafield>
  <datafield tag="951" ind1=" " ind2=" ">
   <subfield code="a">BO</subfield>
  </datafield>
  <datafield tag="990" ind1=" " ind2=" ">
   <subfield code="a">Nietzsche, Friedrich</subfield>
  </datafield>
  <datafield tag="990" ind1=" " ind2=" ">
   <subfield code="a">Rezeption</subfield>
  </datafield>
  <datafield tag="990" ind1=" " ind2=" ">
   <subfield code="a">Beuys, Joseph</subfield>
  </datafield>
  <datafield tag="990" ind1=" " ind2=" ">
   <subfield code="a">Nietzsche, Friedrich</subfield>
  </datafield>
  <datafield tag="990" ind1=" " ind2=" ">
   <subfield code="a">Rezeption</subfield>
  </datafield>
  <datafield tag="990" ind1=" " ind2=" ">
   <subfield code="a">Beuys, Joseph</subfield>
  </datafield>
  <datafield tag="990" ind1=" " ind2=" ">
   <subfield code="a">Beuys, Joseph</subfield>
  </datafield>
  <datafield tag="990" ind1=" " ind2=" ">
   <subfield code="a">Kunst</subfield>
  </datafield>
  <datafield tag="990" ind1=" " ind2=" ">
   <subfield code="a">Ästhetik</subfield>
  </datafield>
  <datafield tag="990" ind1=" " ind2=" ">
   <subfield code="a">Nietzsche, Friedrich</subfield>
  </datafield>
  <datafield tag="990" ind1=" " ind2=" ">
   <subfield code="a">Philosophie</subfield>
  </datafield>
  <datafield tag="990" ind1=" " ind2=" ">
   <subfield code="a">Rezeption</subfield>
  </datafield>
  <datafield tag="991" ind1=" " ind2=" ">
   <subfield code="a">Rezensiertes Werk</subfield>
  </datafield>
  <datafield tag="999" ind1=" " ind2=" ">
   <subfield code="a">KXP-PPN845418416</subfield>
   <subfield code="e">4182320425</subfield>
  </datafield>
 </record>
</collection>
